000 00400nam a2200169Ia 4500
005 20250423095455.0
008 250422s9999 xx 000 0 und d
020 _a978-0-07-110661-0
100 _aPrice Ron
245 0 _aFundamentals of Wireless Networking
260 _aNew York
260 _bMcGraw-Hill
260 _c2007
300 _a641 p
650 _aWireless Networking
942 _cBK
999 _c30386
_d30386